| 000 | 00338nam a2200133Ia 4500 | ||
|---|---|---|---|
| 005 | 20251222144756.0 | ||
| 008 | 251222s9999||||xx |||||||||||||| ||spa|| | ||
| 082 | _a401.4/S24 | ||
| 100 | _aSánchez Pérez, Víctor | ||
| 245 | 0 | _aPeriodismo y Lenguaje | |
| 250 | _a2a.ed. | ||
| 264 | _bUniversidad de San Martín de Porres | ||
| 942 | _cLIB | ||
| 999 |
_c19530 _d19530 |
||